20 najbardziej oddalonych stolic Europy od Warszawy - Statystyki

Ogólne statystyki
  • Ten quiz został rozwiązany 48 razy
  • Średni wynik to 17 z 20
Statystyki odpowiedzi
Hint Odpowiedź % Poprawnych
1597 km Ateny
100%
2772 km Lizbona
100%
2289 km Madryt
100%
1150 km Moskwa
98%
1448 km Londyn
96%
2770 km Reykjavik
93%
1316 km Rzym
93%
1827 km Dublin
91%
1366 km Paryż
91%
1093 km Amsterdam
87%
1813 km Andora
87%
1160 km Bruksela
87%
1316 km Watykan
87%
1118 km San Marino
80%
1886 km Valetta
80%
1379 km Monako
74%
1215 km Tirana
74%
1137 km Skopje
70%
1096 km Podgorica
65%
1137 km Berno
63%
Nie znaleziono quizów pasujących do podanych kryteriów
Rozkład punktacji
Procent ludzi z każdym wynikiem
Percentyl według liczby udzielonych odpowiedzi
Twoja historia wyników
Nie rozwiązałeś tego quizu